00473nam a2200109Ia 4500008004100000020001800041245008500059260003900144650002600183650010900209856004500318171212s9999 xx 000 0 und d a9780874215809 ceditor Siems, BillaShorty's YarnsbWestern Stories and Poems of Bruce Kiskaddon bUniversity Press of Coloradoc2004 aLanguage & Literature aWest (U.S.) -- Literary collections; Ranch life -- Literary collections; Cowboys -- Literary collections uwww.jstor.org/stable/10.2307/j.ctt4cgn18